000
00312nam a2200133 4500
999
_c
9599
_d
9599
003
OSt
005
20210705120535.0
008
210705b ||||| |||| 00| 0 eng d
020
_a
9783869224268
082
_a
720.943852
_b
SZC
100
_a
Szczelina, Marcin
245
_a
Architectural guide Wrocław
942
_2
ddc